<?xml version="1.0" encoding="UTF-8"?><marc:collection xmlns:marc="http://www.loc.gov/MARC21/slim">
  <marc:record>
    <marc:leader>00000nam  2200000za 4500</marc:leader>
    <marc:controlfield tag="001">9.824600</marc:controlfield>
    <marc:controlfield tag="003">CaOODSP</marc:controlfield>
    <marc:controlfield tag="005">20221107144149</marc:controlfield>
    <marc:controlfield tag="007">cr |||||||||||</marc:controlfield>
    <marc:controlfield tag="008">160922s2016    onc     ob   f000 0 fre d</marc:controlfield>
    <marc:datafield tag="040" ind1=" " ind2=" ">
      <marc:subfield code="a">CaOODSP</marc:subfield>
      <marc:subfield code="b">fre</marc:subfield>
    </marc:datafield>
    <marc:datafield tag="043" ind1=" " ind2=" ">
      <marc:subfield code="a">n-cn---</marc:subfield>
    </marc:datafield>
    <marc:datafield tag="086" ind1="1" ind2=" ">
      <marc:subfield code="a">H113-9/2016-21F-PDF</marc:subfield>
    </marc:datafield>
    <marc:datafield tag="245" ind1="0" ind2="0">
      <marc:subfield code="a">Bêta-cyfluthrine </marc:subfield>
      <marc:subfield code="h">[ressource électronique].</marc:subfield>
    </marc:datafield>
    <marc:datafield tag="260" ind1=" " ind2=" ">
      <marc:subfield code="a">Ottawa : </marc:subfield>
      <marc:subfield code="b">Santé Canada, </marc:subfield>
      <marc:subfield code="c">c2016.</marc:subfield>
    </marc:datafield>
    <marc:datafield tag="300" ind1=" " ind2=" ">
      <marc:subfield code="a">76 p.</marc:subfield>
    </marc:datafield>
    <marc:datafield tag="490" ind1="1" ind2=" ">
      <marc:subfield code="a">Projet de décision d'homologation, </marc:subfield>
      <marc:subfield code="x">1925-0908 ; </marc:subfield>
      <marc:subfield code="v">PRD2016-21</marc:subfield>
    </marc:datafield>
    <marc:datafield tag="500" ind1=" " ind2=" ">
      <marc:subfield code="a">Publ. aussi en anglais sous le titre : Beta-Cyfluthrin.</marc:subfield>
    </marc:datafield>
    <marc:datafield tag="500" ind1=" " ind2=" ">
      <marc:subfield code="a">« Le 16 septembre 2016. »</marc:subfield>
    </marc:datafield>
    <marc:datafield tag="504" ind1=" " ind2=" ">
      <marc:subfield code="a">Comprends des références bibliographiques.</marc:subfield>
    </marc:datafield>
    <marc:datafield tag="520" ind1=" " ind2=" ">
      <marc:subfield code="a">« En vertu de la Loi sur les produits antiparasitaires et de ses règlements d’application, l’Agence de réglementation de la lutte antiparasitaire (ARLA) de Santé Canada propose l’homologation complète à des fins de vente et d’utilisation de l’insecticide technique Bêta-cyfluthrine et de ses préparations commerciales, l’insecticide Temprid SC et l’insecticide Temprid ReadySpray, contenant la matière active de qualité technique bêta-cyfluthrine. Les préparations commerciales sont coformulées avec la matière active imidaclopride pour tuer certains insectes rampants ou volants à l’intérieur (notamment sur les matelas) et à l’extérieur sur la surface externe des structures. L’imidaclopride est un insecticide actuellement homologué pour diverses utilisations, notamment pour lutter contre les organismes nuisibles domestiques comme les fourmis et les blattes. L’ARLA propose d’accorder l’homologation pour une nouvelle utilisation de cet insecticide en combinaison avec la bêta-cyfluthrine. D’après l’évaluation des renseignements scientifiques mis à sa disposition, l’ARLA juge que, dans les conditions d’utilisation approuvées, le produit a une valeur et ne présente aucun risque inacceptable pour la santé humaine ou l’environnement. Le présent Aperçu décrit les principaux points de l’évaluation et l’Évaluation scientifique présente des renseignements techniques détaillés sur les évaluations des risques pour la santé humaine et pour l’environnement ainsi que sur la valeur de l’insecticide technique Bêta-cyfluthrine et de ses préparations commerciales, les insecticides Temprid SC et Temprid ReadySpray »--Aperçu.</marc:subfield>
    </marc:datafield>
    <marc:datafield tag="530" ind1=" " ind2=" ">
      <marc:subfield code="a">Également publié en version imprimée.</marc:subfield>
    </marc:datafield>
    <marc:datafield tag="692" ind1="0" ind2="7">
      <marc:subfield code="2">gccst</marc:subfield>
      <marc:subfield code="a">Insecticide</marc:subfield>
    </marc:datafield>
    <marc:datafield tag="692" ind1="0" ind2="7">
      <marc:subfield code="2">gccst</marc:subfield>
      <marc:subfield code="a">Accréditation</marc:subfield>
    </marc:datafield>
    <marc:datafield tag="692" ind1="0" ind2="7">
      <marc:subfield code="2">gccst</marc:subfield>
      <marc:subfield code="a">Toxicologie</marc:subfield>
    </marc:datafield>
    <marc:datafield tag="710" ind1="1" ind2=" ">
      <marc:subfield code="a">Canada. </marc:subfield>
      <marc:subfield code="b">Agence de réglementation de la lutte antiparasitaire.</marc:subfield>
    </marc:datafield>
    <marc:datafield tag="710" ind1="1" ind2=" ">
      <marc:subfield code="a">Canada. </marc:subfield>
      <marc:subfield code="b">Santé Canada.</marc:subfield>
    </marc:datafield>
    <marc:datafield tag="775" ind1="0" ind2="8">
      <marc:subfield code="t">Beta-Cyfluthrin </marc:subfield>
      <marc:subfield code="w">(CaOODSP)9.824598</marc:subfield>
    </marc:datafield>
    <marc:datafield tag="830" ind1="#" ind2="0">
      <marc:subfield code="a">Projet de décision d'homologation,</marc:subfield>
      <marc:subfield code="x">1925-0908 ; </marc:subfield>
      <marc:subfield code="v">PRD2016-21</marc:subfield>
      <marc:subfield code="w">(CaOODSP)9.500882</marc:subfield>
    </marc:datafield>
    <marc:datafield tag="856" ind1="4" ind2="0">
      <marc:subfield code="q">PDF</marc:subfield>
      <marc:subfield code="s">730 Ko</marc:subfield>
      <marc:subfield code="u">https://publications.gc.ca/collections/collection_2016/sc-hc/H113-9-2016-21-fra.pdf</marc:subfield>
    </marc:datafield>
  </marc:record>
</marc:collection>
